000 00658 a2200205 4500
003 MN-UlNLM
005 20220622135122.0
008 a130t16b mp ||||| |||| 00| 0 mon d
020 _a9789992948116
040 _aМонгол Улсын Үндэсний номын сан
084 _bШ 65
_2NNA
_q84
_a84(5СоӨ)-44
245 1 _aШидэт түрийвч
_bТаны эд баялгийг арвижуулах зургаан түрийвчний түүх
260 1 _aУБ
_bСоёмбопринтинг
_c2011
300 _a184х
546 _aMongolia
653 _aУран зохиол
856 _aprintbook
942 _cBK
999 _c74435
_d74435